Tự động điều khiển các quá trình công nghệ
Nội dung sách được trình bày theo hai phần: Điều khiển logic khả lập trình PLC; Điều khiển số NC và điều khiển số có dùng máy tính CNC
Uloženo v:
| Hlavní autor: | |
|---|---|
| Médium: | Kniha |
| Jazyk: | Undetermined |
| Vydáno: |
Hà Nội
Giáo dục
1998
|
| Témata: | |
| Tagy: |
Přidat tag
Žádné tagy, Buďte první, kdo otaguje tento záznam!
|
| Thư viện lưu trữ: | Trung tâm Học liệu Trường Đại học Cần Thơ |
|---|
| LEADER | 00860nam a2200205Ia 4500 | ||
|---|---|---|---|
| 001 | CTU_37061 | ||
| 008 | 210402s9999 xx 000 0 und d | ||
| 020 | |c 21000 | ||
| 082 | |a 629.8 | ||
| 082 | |b T305 | ||
| 100 | |a Trần, Doãn Tiến | ||
| 245 | 0 | |a Tự động điều khiển các quá trình công nghệ | |
| 245 | 0 | |c Trần Doãn Tiến | |
| 260 | |a Hà Nội | ||
| 260 | |b Giáo dục | ||
| 260 | |c 1998 | ||
| 520 | |a Nội dung sách được trình bày theo hai phần: Điều khiển logic khả lập trình PLC; Điều khiển số NC và điều khiển số có dùng máy tính CNC | ||
| 650 | |a Automatic control,Automation,Control theory,Digital electronics,Electronics | ||
| 904 | |i Nguyễn Quang Điền | ||
| 980 | |a Trung tâm Học liệu Trường Đại học Cần Thơ | ||